Hormone action in plant development: A critical appraisal (Record no. 39677)

MARC details
000 -LEADER
fixed length control field 00305nam a2200109Ia 4500
082 ## - DEWEY DECIMAL CLASSIFICATION NUMBER
Classification number 581.14:577.17
Item number HOA
100 ## - MAIN ENTRY--AUTHOR NAME
Personal name Hoad, G V
245 #0 - TITLE STATEMENT
Title Hormone action in plant development: A critical appraisal
260 ## - PUBLICATION, DISTRIBUTION, ETC. (IMPRINT)
Place of publication London
Name of publisher Butterworths
Year of publication 1987
942 ## - ADDED ENTRY ELEMENTS (KOHA)
Koha item type Books
Holdings
Withdrawn status Lost status Damaged status Not for loan Home library Current library Date acquired Cost, normal purchase price Full call number Accession Number Koha item type
        RRII Library RRII Library 16/12/2021 22.00 581.14:577.17 HOA 20007 Books